5c-10c alle Lehrer - Statistiken

Allgemein
  • Dieses Quiz wurde 33 mal gespielt
    27 seit der letzten Aktualisierung
  • Das Durchschnittsergebnis liegt bei 8 aus 50
Antwortstatistiken
Hint Antwort % Korrekt
Bio Müller
90%
Geschichte Wilhelm
30%
Kunst Wilhelm
30%
Chemie Krause
20%
Musik Arbeiterprobst
15%
Geschichte Badrani
15%
Deutsch Blank
15%
Musik Blank
15%
Kunst Blanke
15%
Französisch Bloeß
15%
Bio Brenken
15%
Mathe Drisch
15%
Erdkunde Drisch
15%
Englisch Engel
15%
Geschichte Engel
15%
Politik Fiederling
15%
Musik Georg
15%
Physik Großebeck
15%
Ev. Reli Heek
15%
Sport Kizil
15%
Bio Klevanska
15%
Kat. Reli Klöters
15%
Physik Krämmer
15%
Politik Krein
15%
Geschichte Leuchter
15%
Ev. Reli Maschmeier
15%
Bio Möllendorf
15%
Sport Nielbock
15%
Bio Orth
15%
Bio Orth
15%
Kunst Pflips
15%
Kunst Rentrop
15%
Politik Reuter
15%
Erdkunde Reuter
15%
Englisch Schrempp
15%
Latein Schrempp
15%
Kunst Schubert
15%
Sport Seewald
15%
Erdkunde Seewald
15%
Musik Slevogt
15%
Chemie Westerwich
15%
Mathe Weyers
15%
Physik Weyers
15%
Französisch Wich
15%
Deutsch Wolf
15%
Kunst Albring
10%
Kat. Reli Klimczuk
10%
Info Schepers
10%
Geschichte Thuman
10%
Musik Wieselar
10%
Keine übereinstimmenden Quizze gefunden
Verteilung der Resultate
Anzahl Personen mit jedem Resultat
Perzentil nach korrekt beantworteten Fragen
Ihre Resultats-Entwicklung
Sie haben dieses Quiz seit der letzten Aktualisierung nicht gespielt